Statistiques concernant Lobe pariétal gyrus

Cliquez ici pour prendre le quiz!

Statistiques générales

  • Ce quiz a été pris 6 fois
  • Le résultat moyen est 5 sur 7

Statistiques - réponses

Réponse% Correct
pariétal inférieur
100%
pariétal supérieur
100%
précunéus
100%
para-central
50%
post central
50%
angulaire
25%
supra-marginal
25%

Distribution des résultats

Percentile par nombre de réponses

% des personnes avec chaque résultat

Votre développement - résultats

Vous n’avez pas pris ce quiz